Quiz o Ekipie - Statystyki

Ogólne statystyki
  • Ten quiz został rozwiązany 84 razy
  • Średni wynik to 7 z 13
Statystyki odpowiedzi
PYTANIE ODPOWIEDŹ % Poprawnych
Ile lat miała Ekipa ? 3
84%
Ile lat ma Berta ? 12
81%
Ile lat ma Nikola ? 12
81%
Ile lat ma Oskar ? 12
81%
Ile ogólnie osób było w Ekipie ? 5
78%
Ile lat ma Ndidkhan ? 14
73%
Ile lat ma Erykop ? 14
73%
Czy ktoś z Ekipy ma zwierzę ? tak
70%
W którym roku pojawił sie pierwszy film ? 2019
64%
Czy BertoMobil jeszcze żyje ? XD nie
64%
Ile wyświetleń ma najpopularniejszy vlog ? 1100
3%
Jaki tytuł nosi najpopularniejszy vlog ? 3 LATA EKIPY W SKRÓCIE
0%
Największym Shipem w Ekipie był ? Oskar i Nikola
0%
Nie znaleziono quizów pasujących do podanych kryteriów
Rozkład punktacji
Procent ludzi z każdym wynikiem
Percentyl według liczby udzielonych odpowiedzi
Twoja historia wyników
Nie rozwiązałeś tego quizu